| 000 | 01215nam a2200229Ia 4500 | ||
|---|---|---|---|
| 999 |
_c55438 _d55438 |
||
| 001 | 22520 | ||
| 003 | GE_BSU | ||
| 005 | 20210330125114.0 | ||
| 008 | 181216s2017||||ge |||||||||||||| ||geo|| | ||
| 040 | _cGE_BSU | ||
| 041 | _ageo | ||
| 080 | _a82 ჩ-82 | ||
| 100 |
_aჩოხარაძე, თამარ _910839 |
||
| 245 |
_aსახელი სამხრულ კილოებში / _cთამარ ჩოხარაძე; სამეცნიერო ხელმძღვანელი მ. ფაღავა; ბათუმის შოთა რუსთაველის სახ-ფო უნ-ტი. ჰუმანიტარულ მეცნიერებათა ფაკ-ტი ქართული ფილოლოგიის დეპარტამენტი. |
||
| 264 |
_aბათუმი, _c2017. |
||
| 300 |
_a138 გვ. ; _b30 სმ. |
||
| 653 | _aსახელი სამხრულ კილოებში | ||
| 653 | _aდისერტაცია | ||
| 653 | _aფილოლოგია | ||
| 700 |
_aფაღავა, მამია _eსამეცნიერო ხელმძღვანელი _910840 |
||
| 942 |
_cBK _2udc |
||